Genomics and Proteomics Engineering in Medicine and Biology (Record no. 1291)

MARC details
000 -LEADER
fixed length control field 00451nam a2200169Ia 4500
008 - FIXED-LENGTH DATA ELEMENTS--GENERAL INFORMATION
fixed length control field 130318s9999 xx 000 0 und d
020 ## - INTERNATIONAL STANDARD BOOK NUMBER
International Standard Book Number 471631817
082 ## - DEWEY DECIMAL CLASSIFICATION NUMBER
Classification number 570.28 AKA/G
100 ## - MAIN ENTRY--PERSONAL NAME
Personal name Akay, Metin
245 ## - TITLE STATEMENT
Title Genomics and Proteomics Engineering in Medicine and Biology
260 ## - PUBLICATION, DISTRIBUTION, ETC.
Name of publisher, distributor, etc. IEEE Press
Place of publication, distribution, etc. Canada
Date of publication, distribution, etc. 2007
300 ## - PHYSICAL DESCRIPTION
Extent 297
650 ## - SUBJECT ADDED ENTRY--TOPICAL TERM
Topical term or geographic name entry element BIO MEDICAL ENGINEERING
650 ## - SUBJECT ADDED ENTRY--TOPICAL TERM
Topical term or geographic name entry element BIO-INFORMATICS
650 ## - SUBJECT ADDED ENTRY--TOPICAL TERM
Topical term or geographic name entry element GENOMICS
650 ## - SUBJECT ADDED ENTRY--TOPICAL TERM
Topical term or geographic name entry element PROTEIMICS
Holdings
Withdrawn status Lost status Damaged status Not for loan Home library Current library Shelving location Date acquired Cost, normal purchase price Total Checkouts Full call number Barcode Date last seen Date last checked out Price effective from Koha item type
        Kerala University of Digital Sciences, Innovation and Technology Knowledge Centre Kerala University of Digital Sciences, Innovation and Technology Knowledge Centre Bioinformatics 18/03/2013 3934.00 1 570.28 AKA/G 1298 12/12/2014 13/11/2014 18/03/2013 Books